000 01368nam a2200241 a 4500
003 DO-SdBNP
005 20260205110706.0
007 ta
008 210716e2009 dr ad||frt||| 001 0 spa d
040 _aDO-SdBNP
_bspa
_cBNPHU
041 _hspa
082 4 _bR426i
_222
110 1 _aRepública Dominicana.
_bCámara de Cuentas
_912254
245 1 0 _aInforme al Congreso Nacional :
_baño fiscal 2009
260 _aSanto Domingo :
_bCámara de Cuentas de la República Dominicana,
_c2009
300 _a439 p. :
_bil., gráf. ;
_c28 cm
505 _t1. Generalidades y normativas.--
_t2. Aspectos macroeconómicos considerados.--
_t3. Análisis de los ingresos del Gobierno Central, año 2009.--
_t4. Análisis del gasto de las Instituciones del Gobierno Central, Ejercicio Fiscal 2009.-- Transferencia corrientes y de capital del Gobierno Central.--
_t5. Análisis y evaluación de la Deuda Pública del año 2009.--
_t6. Instituciones Públicas Descentralizadas y Autónomas.-- Análisis del Gasto,--
_t7. Análisis de Ejecución Presupuestaria de las Entidades Municipales.--
_t8. Organizaciones no gubernamentales (ONG).--
_t9. Observaciones y recomendaciones.--
_t10. Anexos.
590 _aInventariado 2021 / MF
610 1 0 _aRepública Dominicana.
_bCámara de Cuentas
_912254
650 0 _aInformes técnicos
_xRedacción
_97867
910 _aMFeliz
942 _2ddc
_cLBS1
999 _c50131
_d50131